| 000 | 00494nam a22001697a 4500 | ||
|---|---|---|---|
| 003 | OSt | ||
| 005 | 20250618082107.0 | ||
| 008 | 250618b |||||||| |||| 00| 0 eng d | ||
| 020 | _a1572594918 | ||
| 040 |
_aDLC _beng _cDLC _dRU _erda |
||
| 100 | _aTipler, Paul A. | ||
| 245 |
_aPhysics for Scientists and Engineers _cPaul A. Tipler |
||
| 250 |
_a4th Edition _badvance Edition |
||
| 260 |
_aMadison Avenue _bW.H Freeman and Company _c1999 |
||
| 300 |
_axxvii.; 655p _bill, col. |
||
| 942 |
_2lcc _cBK |
||
| 999 |
_c264911 _d264910 |
||